000 00946nam a22002177a 4500
005 20090116164554.0
008 090116t xxu||||| |||| 00| 0 hin d
010 _aHIN-92510
020 _a9788187988403
_c250.00
035 _aHN-64856
037 _bDBAD / PUB
040 _aDPL
_bHN
082 _a921
100 _aसकवार, कमलेश
_927526
245 _aराजा राममोहन रायः जीवन और दर्शन /
_cकमलेश सकवार
260 _aजयपुर
_bज्योति प्रकाशन
_c2010
270 _a187, बरकत नगर, टोंक फाटक
_bजयपुर
_e302 015
300 _a159 पृ.
_c22सेमी (सजिल्द)
942 _2ddc
_cHN
_mराजारा
_h921
999 _c52027
_d52027